Indicatifs téléphoniques africains (+2) - Statistiques

Statistiques générales
  • Ce quiz a été pris 6 fois
  • Le résultat moyen est 20 sur 62
Statistiques - réponses
Indicatif Téléphonique Réponse % Correct
+213 Algérie
100%
+229 Bénin
75%
+237 Cameroun
75%
+212 Maroc
75%
+228 Togo
75%
+216 Tunisie
75%
+244 Angola
50%
+238 Cap-Vert
50%
+225 Côte d'Ivoire
50%
+224 Guinée
50%
+223 Mali
50%
+234 Nigéria
50%
+236 République Centrafricaine
50%
+243 République Démocratique du Congo
50%
+242 République du Congo
50%
+221 Sénégal
50%
+27 Afrique du Sud
25%
+297 Aruba
25%
+267 Botswana
25%
+226 Burkina Faso
25%
+269 Comores
25%
+20 Égypte
25%
+291 Érythrée
25%
+241 Gabon
25%
+220 Gambie
25%
+233 Ghana
25%
+299 Groenland
25%
+245 Guinée-Bissau
25%
+240 Guinée Équatoriale
25%
+298 Îles Féroé
25%
+254 Kenya
25%
+262 La Réunion / Mayotte / TAAF / Îles Kerguelen
25%
+266 Lesotho
25%
+231 Libéria
25%
+218 Libye
25%
+261 Madagascar
25%
+265 Malawi
25%
+222 Mauritanie
25%
+258 Mozambique
25%
+264 Namibie
25%
+227 Niger
25%
+256 Ouganda
25%
+250 Rwanda
25%
+290 Sainte-Hélène / Tristan da Cunha
25%
+239 Sao Tomé et Principe
25%
+232 Sierra Leone
25%
+252 Somalie
25%
+249 Soudan
25%
+211 Soudan du Sud
25%
+268 Swaziland
25%
+255 Tanzanie
25%
+235 Tchad
25%
+260 Zambie
25%
+259 (inutilisé aujourd'hui) Zanzibar
25%
+263 Zimbabwe
25%
+247 Ascension
0%
+257 Burundi
0%
+253 Djibouti
0%
+251 Éthiopie
0%
+230 Maurice
0%
+248 Seychelles
0%
+246 Territoire Britannique de l'Océan Indien
0%
Aucun quiz correspondant
Distribution des résultats
% des personnes avec chaque résultat
Percentile par nombre de réponses
Votre historique - résultats
Vous n’avez pas pris ce quiz